[Event "MrDodgy Inv 3 Finals"]
[Site "chess24.com INT"]
[Date "2022.11.29"]
[Round "2.1"]
[White "Sevian, Samuel"]
[Black "Van Foreest, Jorden"]
[Result "1-0"]
[WhiteElo "2687"]
[BlackElo "2690"]
[PlyCount "51"]
[EventDate "2022.11.27"]
[EventType "k.o."]

1. d4 Nf6 2. c4 e6 3. Nf3 d5 4. Nc3 c5 5. cxd5 exd5 6. g3 Nc6 7. Bg2 Be7 8. O-O O-O 9. dxc5 Bxc5 10. Bg5 d4 11. Ne4 Be7 12. Bxf6 Bxf6 13. Nxf6+ Qxf6 14. b4 ({RR} 14. Rc1 Rd8 15. Qb3 Qe7 16. Rfe1 Be6 17. Qa4 Rac8 18. e3 d3 19. Red1 h6 20. a3 Qf6 21. Nd4 Nxd4 22. exd4 Rxc1 23. Rxc1 d2 24. Rd1 Qxd4 25. Qc2 Bg4 {0-1 (25) Dos Santos,L (2146)-Zilberstein,D (2347) chess.com INT 2026}) ({RR} 14. Rc1 Rd8 15. Qb3 Qe7 16. Rfe1 Be6 17. Qa4 Rac8 18. e3 d3 19. Red1 h6 20. a3 Qf6 21. Nd4 Nxd4 22. exd4 Rxc1 23. Rxc1 d2 24. Rd1 Qxd4 25. Qc2 Bg4 {0-1 (25) Dos Santos,L (2146)-Zilberstein,D (2347) chess.com INT 2026}) 14... Nxb4 ({RR} 14... Rd8 15. b5 Ne5 16. Rc1 Bg4 17. Nxd4 Rxd4 18. Qxd4 Nf3+ 19. exf3 Qxd4 20. fxg4 Qb6 21. Rfd1 Qxb5 22. Rc7 Qa5 23. Rxb7 Qxa2 24. Bd5 Qe2 25. Rc1 Kh8 26. Rxf7 Qd2 27. Bxa8 Qxc1+ 28. Kg2 Qc8 29. Rxa7 {Aronian,L (2797)-Wang,Y (2720) Beijing 2014 ½-½ (81)}) ({RR} 14... Rd8 15. b5 Ne5 16. Rc1 Bg4 17. Nxd4 Rxd4 18. Qxd4 Nf3+ 19. exf3 Qxd4 20. fxg4 Qb6 21. Rfd1 Qxb5 22. Rc7 Qa5 23. Rxb7 Qxa2 24. Bd5 Qe2 25. Rc1 Kh8 26. Rxf7 Qd2 27. Bxa8 Qxc1+ 28. Kg2 Qc8 29. Rxa7 {Aronian,L (2797)-Wang,Y (2720) Beijing 2014 ½-½ (81)}) 15. Nxd4 Rd8 16. Qa4 Nd5 $146 ({RR} 16... Qxd4 17. Rad1 Qb6 18. Rxd8+ Qxd8 19. Qxb4 Qe8 20. Rd1 Rb8 21. Qa4 Be6 22. Qxa7 g6 23. Bxb7 Bxa2 24. Bc6 Qc8 25. Bd7 Rb7 26. Qa4 Qd8 27. Bf5 Qe7 28. Qxa2 gxf5 29. Qd5 Rb8 30. e3 Qe4 31. Qxe4 {Pihlajasalo,H (2212)-Nuutilainen,T Finland 2015 1-0 (45)}) ({RR} 16... Qxd4 17. Rad1 Qb6 18. Rxd8+ Qxd8 19. Qxb4 Qe8 20. Rd1 Rb8 21. Qa4 Be6 22. Qxa7 g6 23. Bxb7 Bxa2 24. Bc6 Qc8 25. Bd7 Rb7 26. Qa4 Qd8 27. Bf5 Qe7 28. Qxa2 gxf5 29. Qd5 Rb8 30. e3 Qe4 31. Qxe4 {Pihlajasalo,H (2212)-Nuutilainen,T Finland 2015 1-0 (45)}) 17. Bxd5 Bh3 18. e4 Bxf1 19. Rxf1 a6 20. Rc1 b5 21. Qb4 Rac8 22. Nc6 Kh8 23. Kg2 Re8 24. Rc3 Rc7 25. Rf3 Qg6 26. Ne5 1-0

[Event "Titled Tue 13th Dec Late"]
[Site "chess.com INT"]
[Date "2022.12.13"]
[Round "4"]
[White "Sarana, A."]
[Black "Tabatabaei, M."]
[Result "1-0"]
[WhiteElo "2668"]
[BlackElo "2660"]
[PlyCount "145"]
[EventDate "2022.12.13"]

1. d4 Nf6 2. c4 e6 3. Nc3 d5 4. cxd5 exd5 5. Bf4 c5 6. e3 Nc6 7. Nf3 c4 8. Ne5 Bb4 ({RR} 8... Be6 9. Be2 Be7 10. O-O O-O 11. Bf3 Ne8 12. Nxc6 bxc6 13. Qa4 Qb6 14. Qc2 Bd6 15. Bxd6 Nxd6 16. Na4 Qb4 17. Nc5 Bf5 18. Qc3 a5 19. a3 Qxc3 20. bxc3 Rfb8 21. Rfe1 Re8 22. a4 Re7 23. h3 {Brandalise,R (1713)-Nunes,A (1894) Manaus 2025 0-1 (90)}) ({RR} 8... Be6 9. Be2 Be7 10. O-O O-O 11. Bf3 Ne8 12. Nxc6 bxc6 13. Qa4 Qb6 14. Qc2 Bd6 15. Bxd6 Nxd6 16. Na4 Qb4 17. Nc5 Bf5 18. Qc3 a5 19. a3 Qxc3 20. bxc3 Rfb8 21. Rfe1 Re8 22. a4 Re7 23. h3 {Brandalise,R (1713)-Nunes,A (1894) Manaus 2025 0-1 (90)}) 9. Be2 Qa5 10. O-O Bxc3 11. bxc3 $146 ({RR} 11. Nxc6 bxc6 12. bxc3 Ne4 13. Bf3 Nxc3 14. Qd2 Qa3 15. Rfc1 Nb5 16. Rxc4 dxc4 17. Bxc6+ Bd7 18. Bxa8 O-O 19. Bd5 c3 20. Qc1 Qb2 21. a4 Na3 22. Bd6 Nc2 23. Rb1 Qxc1+ 24. Rxc1 Rc8 25. Bb3 Rc6 {Lamby,P (2154)-Vertriest,M Belgium 2003 1-0 (46)}) ({RR} 11. Nxc6 bxc6 12. bxc3 Ne4 13. Bf3 Nxc3 14. Qd2 Qa3 15. Rfc1 Nb5 16. Rxc4 dxc4 17. Bxc6+ Bd7 18. Bxa8 O-O 19. Bd5 c3 20. Qc1 Qb2 21. a4 Na3 22. Bd6 Nc2 23. Rb1 Qxc1+ 24. Rxc1 Rc8 25. Bb3 Rc6 {Lamby,P (2154)-Vertriest,M Belgium 2003 1-0 (46)}) 11... Ne4 12. Bf3 Bf5 13. Bxe4 Bxe4 14. Qg4 O-O 15. Nxc6 bxc6 16. Bd6 Rfe8 17. Be5 Bg6 18. Rfc1 f6 19. Bd6 Rad8 20. Bg3 Kf7 21. a4 Re7 22. h4 h5 23. Qe2 Rb7 24. Ra2 Rb3 25. Qe1 Rd7 26. f3 Re7 27. Kh2 Bd3 28. Bf4 Re8 29. Qg3 Re7 30. Qf2 Reb7 31. Qe1 Rb1 32. Ra1 Rxa1 33. Rxa1 Rb2 34. Ra3 Rb3 35. Bd6 Rxa3 36. Bxa3 Qxa4 37. Bc5 a5 38. Qg3 Qc2 39. Qc7+ Kg8 40. Qxc6 Bg6 41. Qxd5+ Bf7 42. Qd8+ Kh7 43. Qd7 Qf2 44. Kh3 Bg6 45. Bf8 Bf5+ 46. Qxf5+ Kg8 47. Bc5 Qe1 48. Qd5+ Kh7 49. Qxh5+ Kg8 50. Qd5+ Kh7 51. Qxc4 Qh1+ 52. Kg3 Qe1+ 53. Kg4 Qh1 54. Qd3+ g6 55. Qe2 Qh2 56. e4 a4 57. f4 Kh6 58. e5 f5+ 59. Kf3 Qxh4 60. d5 Qg4+ 61. Ke3 Qg3+ 62. Qf3 Qe1+ 63. Kd4 Qd2+ 64. Kc4 Qa2+ 65. Kb5 Qb3+ 66. Kc6 a3 67. e6 a2 68. Qh3+ Kg7 69. Bd4+ Kf8 70. Qh8+ Ke7 71. Qg7+ Ke8 72. Qf7+ Kd8 73. Qd7# 1-0

[Event "chess.com SpeedChess 2022"]
[Site "chess.com INT"]
[Date "2022.12.15"]
[Round "3.24"]
[White "Nihal, Sarin"]
[Black "Nakamura, Hi"]
[Result "1-0"]
[WhiteElo "2670"]
[BlackElo "2768"]
[PlyCount "79"]
[EventDate "2022.11.23"]
[EventType "k.o."]

1. Nf3 Nf6 2. c4 e6 3. Nc3 d5 4. e3 c5 5. cxd5 exd5 6. d4 Nc6 7. Bb5 Bd6 8. O-O cxd4 9. exd4 O-O 10. h3 h6 11. Re1 Re8 $146 ({RR} 11... Bf5 12. a3 Qb6 13. Be3 Rad8 14. Rc1 Rfe8 15. Qd2 Ne4 16. Nxe4 Bxe4 17. Bxc6 bxc6 18. Ne5 Rc8 19. Rc3 Bxe5 20. dxe5 c5 21. Bf4 d4 22. Rg3 Bg6 23. h4 h5 24. b3 c4 25. bxc4 Rxc4 26. Rc1 {Bodiroga,P (2227)-Golubovic,E (2330) Zagreb CRO 2026 0-1 (39)}) ({RR} 11... Bf5 12. a3 Qb6 13. Be3 Rad8 14. Rc1 Rfe8 15. Qd2 Ne4 16. Nxe4 Bxe4 17. Bxc6 bxc6 18. Ne5 Rc8 19. Rc3 Bxe5 20. dxe5 c5 21. Bf4 d4 22. Rg3 Bg6 23. h4 h5 24. b3 c4 25. bxc4 Rxc4 26. Rc1 {Bodiroga,P (2227)-Golubovic,E (2330) Zagreb CRO 2026 0-1 (39)}) 12. Bxc6 bxc6 13. Ne5 Bxe5 14. dxe5 Nd7 15. f4 Bb7 16. Kh2 a6 17. b4 a5 18. bxa5 Qxa5 19. Bd2 d4 20. Ne4 Qd5 21. Nd6 c5 22. Qg4 h5 23. Qg3 Re6 24. Nxb7 Qxb7 25. f5 h4 26. Qf4 Ree8 27. f6 Nf8 28. Qxh4 Ng6 29. Qg3 Qd5 30. Bf4 d3 31. h4 Ra4 32. h5 Rxf4 33. hxg6 Rf5 34. e6 Rh5+ 35. Kg1 Qd4+ 36. Qe3 Rxe6 37. Qxd4 cxd4 38. Rxe6 fxe6 39. f7+ Kf8 40. Rb1 1-0

[Event "chess.com SpeedChess Q2KO"]
[Site "chess.com INT"]
[Date "2022.11.13"]
[Round "3.3"]
[White "Artemiev, V."]
[Black "Grischuk, A."]
[Result "1/2-1/2"]
[WhiteElo "2701"]
[BlackElo "2745"]
[PlyCount "38"]
[EventDate "2022.11.13"]
[EventType "k.o."]

1. c4 c5 2. Nf3 Nf6 3. Nc3 Nc6 4. e3 e6 5. d4 d5 6. cxd5 exd5 7. Bb5 cxd4 8. Nxd4 Bd7 9. Nf3 ({RR} 9. O-O Bd6 10. Nf3 a6 11. Be2 Be6 12. a3 O-O 13. b4 Qe7 14. Bb2 Rfe8 15. Nd4 Be5 16. Nxc6 bxc6 17. Na4 Bxb2 18. Nxb2 c5 19. bxc5 Qxc5 20. Nd3 Qd6 21. Nf4 Bf5 22. Bf3 Rad8 23. Qd4 Be4 {Kasparov,G (2775)-Kramnik,V (2775) Moscow 1996 0-1 (63)}) ({RR} 9. O-O Bd6 10. Nf3 a6 11. Be2 Be6 12. a3 O-O 13. b4 Qe7 14. Bb2 Rfe8 15. Nd4 Be5 16. Nxc6 bxc6 17. Na4 Bxb2 18. Nxb2 c5 19. bxc5 Qxc5 20. Nd3 Qd6 21. Nf4 Bf5 22. Bf3 Rad8 23. Qd4 Be4 {Kasparov,G (2775)-Kramnik,V (2775) Moscow 1996 0-1 (63)}) 9... Bb4 ({RR} 9... Bg4 10. O-O Bd6 11. b3 O-O 12. Bb2 Re8 13. Be2 Rc8 14. h3 Bh5 15. Nh4 Bg6 16. Nxg6 hxg6 17. Nb5 Be5 18. Bxe5 Rxe5 19. Rc1 Qb6 20. Nd4 Rd8 21. Nxc6 bxc6 22. Qc2 Re6 23. Bf3 Nd7 24. Rfd1 {Kokoszczynski,J (2311)-Erigaisi,A (2801) chess.com INT 2025 0-1 (56)}) ({RR} 9... Bg4 10. O-O Bd6 11. b3 O-O 12. Bb2 Re8 13. Be2 Rc8 14. h3 Bh5 15. Nh4 Bg6 16. Nxg6 hxg6 17. Nb5 Be5 18. Bxe5 Rxe5 19. Rc1 Qb6 20. Nd4 Rd8 21. Nxc6 bxc6 22. Qc2 Re6 23. Bf3 Nd7 24. Rfd1 {Kokoszczynski,J (2311)-Erigaisi,A (2801) chess.com INT 2025 0-1 (56)}) 10. Bd2 ({RR} 10. O-O Bxc3 11. bxc3 O-O 12. Rb1 Na5 13. Ba3 Re8 14. Bd3 Rc8 15. h3 Ne4 16. Bb4 Nc4 17. Bxc4 dxc4 18. Nd2 Bf5 19. Nxe4 Bxe4 20. Qxd8 Rexd8 21. Rbd1 Bd3 22. Rfe1 b6 23. e4 a5 24. Ba3 b5 {Keymer,V (2717)-Grischuk,A (2732) Kolkata IND 2023 0-1 (31)}) ({RR} 10. O-O Bxc3 11. bxc3 O-O 12. Rb1 Na5 13. Ba3 Re8 14. Bd3 Rc8 15. h3 Ne4 16. Bb4 Nc4 17. Bxc4 dxc4 18. Nd2 Bf5 19. Nxe4 Bxe4 20. Qxd8 Rexd8 21. Rbd1 Bd3 22. Rfe1 b6 23. e4 a5 24. Ba3 b5 {Keymer,V (2717)-Grischuk,A (2732) Kolkata IND 2023 0-1 (31)}) 10... O-O 11. O-O Bg4 $146 ({RR} 11... Bd6 12. h3 a6 13. Bd3 Qe7 14. Qe2 Rfe8 15. Rfd1 Rad8 16. Qf1 Bb8 17. Ne2 Ne4 18. Rac1 Qf6 19. Ned4 Nxd4 20. Nxd4 Qd6 21. g3 Qh6 22. h4 Bg4 23. Bxe4 dxe4 24. Bc3 Bxd1 25. Rxd1 Qg6 26. Qe2 {Brown,M (2512)-Bruzon Batista,L (2646) Philadelphia 2018 0-1 (64)}) ({RR} 11... Bd6 12. h3 a6 13. Bd3 Qe7 14. Qe2 Rfe8 15. Rfd1 Rad8 16. Qf1 Bb8 17. Ne2 Ne4 18. Rac1 Qf6 19. Ned4 Nxd4 20. Nxd4 Qd6 21. g3 Qh6 22. h4 Bg4 23. Bxe4 dxe4 24. Bc3 Bxd1 25. Rxd1 Qg6 26. Qe2 {Brown,M (2512)-Bruzon Batista,L (2646) Philadelphia 2018 0-1 (64)}) 12. Be2 a6 13. h3 Bf5 14. Nd4 Nxd4 15. exd4 Re8 16. Bf3 Bxc3 17. Bxc3 Qd7 18. Re1 Ne4 19. Bxe4 Bxe4 1/2-1/2

[Event "MrDodgy Inv 3 Finals"]
[Site "chess24.com INT"]
[Date "2022.11.28"]
[Round "1.6"]
[White "Cori, J."]
[Black "Van Foreest, Jorden"]
[Result "1-0"]
[WhiteElo "2651"]
[BlackElo "2690"]
[PlyCount "121"]
[EventDate "2022.11.27"]
[EventType "k.o."]

1. c4 e6 2. Nc3 d5 3. cxd5 c5 4. d4 exd5 5. Nf3 Nf6 6. g3 Nc6 7. Bg2 Be7 8. O-O O-O 9. Bg5 c4 10. Ne5 Be6 11. Rc1 h6 12. Bxf6 Bxf6 13. f4 Bxe5 ({RR} 13... Ne7 14. e4 Bxe5 ({RR} 14... Bxe5 15. fxe5 Qd7 16. Qd2 Rac8 17. Rcd1 b5 18. a3 Rcd8 19. exd5 Bxd5 20. Be4 a6 21. Rf6 Bxe4 22. Nxe4 Qxd4+ 23. Qxd4 Rxd4 24. Rxd4 gxf6 25. Nxf6+ Kg7 26. Rd6 Ng6 27. Nh5+ Kh7 28. e6 fxe6 29. Rxa6) ({RR} 14... Bxe5 15. fxe5 Qd7 16. Qd2 Rac8 17. Rcd1 b5 18. a3 Rcd8 19. exd5 Bxd5 20. Be4 a6 21. Rf6 Bxe4 22. Nxe4 Qxd4+ 23. Qxd4 Rxd4 24. Rxd4 gxf6 25. Nxf6+ Kg7 26. Rd6 Ng6 27. Nh5+ Kh7 28. e6 fxe6 29. Rxa6) 15. fxe5 Qd7 16. Qd2 Rac8 17. Rcd1 b5 18. a3 Rcd8 19. exd5 Bxd5 20. Be4 a6 21. Rf6 Bxe4 22. Nxe4 Qxd4+ 23. Qxd4 Rxd4 24. Rxd4 gxf6 25. Nxf6+ Kg7 26. Rd6 Ng6 27. Nh5+ Kh7 28. e6 {Kramnik,V (2769)-Giri,A (2768) London 2014 ½-½ (103)}) ({RR} 13... Ne7 14. e4 dxe4 15. Nxe4 Nf5 16. Nxf6+ ({RR} 16. Re1 Bxe5 17. dxe5 Qb6+ 18. Kh1 Rad8 19. Qa4 Rd4 20. Qa3 Bd5 21. Rcd1 Rxd1 22. Rxd1 Ne3 23. Rxd5 Nxd5 24. Nd6 c3 25. b3 Qe3 26. Be4 c2) ({RR} 16. Re1 Bxe5 17. dxe5 Qb6+ 18. Kh1 Rad8 19. Qa4 Rd4 20. Qa3 Bd5 21. Rcd1 Rxd1 22. Rxd1 Ne3 23. Rxd5 Nxd5 24. Nd6 c3 25. b3 Qe3 26. Be4 c2) 16... gxf6 17. Nxc4 Qxd4+ 18. Qxd4 Nxd4 19. Kf2 Rac8 20. Nd6 Rxc1 21. Rxc1 b6 22. a3 Rd8 23. Ne4 f5 24. Nc3 Nb3 25. Rd1 Rc8 26. Bd5 Nc5 27. Bxe6 fxe6 28. b4 {Sakun,V (2301)-Akobian,V (2549) chess.com INT 2025 1-0 (71)}) ({RR} 13... Ne7 14. e4 Bxe5 15. fxe5 Qd7 16. Qd2 Rac8 17. Rcd1 b5 18. a3 Rcd8 19. exd5 Bxd5 20. Be4 a6 21. Rf6 Bxe4 22. Nxe4 Qxd4+ 23. Qxd4 Rxd4 24. Rxd4 gxf6 25. Nxf6+ Kg7 26. Rd6 Ng6 27. Nh5+ Kh7 28. e6 {Kramnik,V (2769)-Giri,A (2768) London 2014 ½-½ (103)}) ({RR} 13... Ne7 14. e4 dxe4 15. Nxe4 Nf5 16. Nxf6+ gxf6 17. Nxc4 Qxd4+ 18. Qxd4 Nxd4 19. Kf2 Rac8 20. Nd6 Rxc1 21. Rxc1 b6 22. a3 Rd8 23. Ne4 f5 24. Nc3 Nb3 25. Rd1 Rc8 26. Bd5 Nc5 27. Bxe6 fxe6 28. b4 {Sakun,V (2301)-Akobian,V (2549) chess.com INT 2025 1-0 (71)}) 14. fxe5 b5 $146 ({RR} 14... Qb6 15. e3 Qxb2 16. Bxd5 Bh3 17. Rc2 Qb6 18. Rf4 Nxe5 19. dxe5 Qxe3+ 20. Kh1 Qxe5 21. Qd4 Qe1+ 22. Qg1 Rae8 23. Re4 Qxg1+ 24. Kxg1 Bf5 25. Rxe8 Rxe8 26. Rc1 Bh3 27. Bxb7 Rb8 28. Bd5 Rb2 29. Bxc4 {Kabai,Z (2148)-Schmitt,C (1956) Budapest 2011 1-0 (36)}) ({RR} 14... Qb6 15. e3 Qxb2 16. Bxd5 Bh3 17. Rc2 Qb6 18. Rf4 Nxe5 19. dxe5 Qxe3+ 20. Kh1 Qxe5 21. Qd4 Qe1+ 22. Qg1 Rae8 23. Re4 Qxg1+ 24. Kxg1 Bf5 25. Rxe8 Rxe8 26. Rc1 Bh3 27. Bxb7 Rb8 28. Bd5 Rb2 29. Bxc4 {Kabai,Z (2148)-Schmitt,C (1956) Budapest 2011 1-0 (36)}) 15. e3 b4 16. Nb5 Qg5 17. Rf4 Qe7 18. Nd6 Rad8 19. Qh5 f6 20. Nxc4 Bf7 21. exf6 Qe6 22. Bh3 Qe8 23. fxg7 Kxg7 24. Qg4+ Kh7 25. Qf5+ Kg7 26. Ne5 Nxe5 27. dxe5 Qe7 28. Qf6+ Qxf6 29. exf6+ Kg6 30. Bf1 h5 31. Bd3+ Kh6 32. Rc7 a5 33. h4 Rd6 34. Re7 Bg6 35. Bxg6 Kxg6 36. f7 Rc6 37. Rd7 Rc1+ 38. Kg2 Rc2+ 39. Rf2 Rc5 40. Kh3 a4 41. Kg2 b3 42. axb3 axb3 43. Rb7 Rc2 44. Rxb3 Rxf2+ 45. Kxf2 Rxf7+ 46. Ke2 Kf5 47. Rb5 Ke5 48. Rb6 Rg7 49. Kf2 Rf7+ 50. Kg2 Re7 51. Rh6 Ke4 52. Kf2 Rc7 53. Re6+ Kd3 54. Re5 Rf7+ 55. Kg2 Rd7 56. b4 Kc4 57. Rxh5 Re7 58. Kf2 Rf7+ 59. Ke2 Rb7 60. Rg5 Rxb4 61. Rg4+ 1-0

[Event "Bundesliga 2022-23"]
[Site "Dresden GER"]
[Date "2022.11.27"]
[Round "4.7"]
[White "Svane, R."]
[Black "Pechac, Jergus"]
[Result "1/2-1/2"]
[WhiteElo "2615"]
[BlackElo "2633"]
[PlyCount "41"]
[EventDate "2022.10.22"]
[WhiteTeam "Hamburger SK"]
[BlackTeam "USV TU Dresden"]

1. d4 d5 2. c4 e6 3. Nc3 c5 4. cxd5 cxd4 5. Qa4+ Bd7 6. Qxd4 exd5 7. Qxd5 Nf6 8. Qb3 Na6 9. g3 $146 ({RR} 9. Nf3 Nc5 10. Qc2 Rc8 11. Bg5 h6 12. Bh4 Qb6 13. Bxf6 Qxf6 14. e3 Na4 15. Qe4+ Qe7 16. Qxe7+ Bxe7 17. Nxa4 Bxa4 18. Nd4 Bb4+ 19. Ke2 O-O 20. Kf3 Bc5 21. Bd3 Bxd4 22. exd4 Rfd8 23. Rac1 Bc6+ {Sjugirov,S (2638)-Dragnev,V (2540) chess.com INT 2025 1-0 (79)}) ({RR} 9. Nf3 Nc5 10. Qd1 Nce4 11. e3 Bb4 12. Bd2 Bxc3 13. Bxc3 Nxc3 14. bxc3 Qa5 15. Qd4 Rc8 16. Qb4 Qc5 17. Bd3 Qxc3+ 18. Qxc3 Rxc3 19. Kd2 Ra3 20. Rhb1 b6 21. Rb3 Ra5 22. Nd4 Ke7 23. a4 Rc8 {Kasparov,G (2812)-Grischuk,A (2778) Zagreb 2021 ½-½ (41)}) ({RR} 9. Nf3 Nc5 10. Qc2 Rc8 11. e3 Bd6 12. Be2 O-O 13. Qd1 Qe7 14. O-O Rfd8 15. Nd4 a6 16. Bf3 b5 17. a3 Be6 18. Qc2 Bg4 19. Bxg4 Nxg4 20. h3 Ne5 21. Rd1 Bb8 22. Bd2 Nc4 23. Be1 Qb7 {Brett,A (2011)-Dickenson,N (2261) Ryde ENG 2026 1-0 (110)}) ({RR} 9. Nf3 Nc5 10. Qc2 Rc8 11. Bg5 h6 12. Bh4 Qb6 13. Bxf6 Qxf6 14. e3 Na4 15. Qe4+ Qe7 16. Qxe7+ Bxe7 17. Nxa4 Bxa4 18. Nd4 Bb4+ 19. Ke2 O-O 20. Kf3 Bc5 21. Bd3 Bxd4 22. exd4 Rfd8 23. Rac1 Bc6+ {Sjugirov,S (2638)-Dragnev,V (2540) chess.com INT 2025 1-0 (79)}) ({RR} 9. Nf3 Nc5 10. Qd1 Nce4 11. e3 Bb4 12. Bd2 Bxc3 13. Bxc3 Nxc3 14. bxc3 Qa5 15. Qd4 Rc8 16. Qb4 Qc5 17. Bd3 Qxc3+ 18. Qxc3 Rxc3 19. Kd2 Ra3 20. Rhb1 b6 21. Rb3 Ra5 22. Nd4 Ke7 23. a4 Rc8 {Kasparov,G (2812)-Grischuk,A (2778) Zagreb 2021 ½-½ (41)}) ({RR} 9. Nf3 Nc5 10. Qc2 Rc8 11. e3 Bd6 12. Be2 O-O 13. Qd1 Qe7 14. O-O Rfd8 15. Nd4 a6 16. Bf3 b5 17. a3 Be6 18. Qc2 Bg4 19. Bxg4 Nxg4 20. h3 Ne5 21. Rd1 Bb8 22. Bd2 Nc4 23. Be1 Qb7 {Brett,A (2011)-Dickenson,N (2261) Ryde ENG 2026 1-0 (110)}) 9... Nc5 10. Qc2 Rc8 11. Bg2 b5 12. Bg5 Ne6 13. Bxf6 Qxf6 14. Rd1 Bb4 15. Nf3 Bxc3+ 16. bxc3 Rxc3 17. Qd2 Rc7 18. Rc1 Rxc1+ 19. Qxc1 O-O 20. O-O Rc8 21. Qa3 1/2-1/2

[Event "EU-chT 23rd"]
[Site "Terme Catez"]
[Date "2021.11.18"]
[Round "6.3"]
[White "Shevchenko, Kirill"]
[Black "Warmerdam, Max"]
[Result "1/2-1/2"]
[WhiteElo "2647"]
[BlackElo "2608"]
[PlyCount "93"]
[EventDate "2021.11.12"]
[EventType "team-swiss"]
[EventRounds "9"]
[EventCountry "SLO"]
[SourceTitle "CBM 205"]
[Source "ChessBase"]
[SourceDate "2021.11.30"]
[SourceVersion "1"]
[SourceVersionDate "2021.11.30"]
[SourceQuality "1"]
[WhiteTeam "Ukraine"]
[BlackTeam "Netherlands"]
[WhiteTeamCountry "UKR"]
[BlackTeamCountry "NED"]

1. c4 e6 2. Nc3 d5 3. d4 c5 4. cxd5 cxd4 5. Qa4+ Bd7 6. Qxd4 exd5 7. Qxd5 Nf6 8. Qb3 Na6 9. e3 ({RR} 9. Nf3 Nc5 10. Qd1 Nce4 11. e3 Bb4 12. Bd2 Bxc3 13. Bxc3 Nxc3 14. bxc3 Qa5 15. Qd4 Rc8 16. Qb4 Qc5 17. Bd3 Qxc3+ 18. Qxc3 Rxc3 19. Kd2 Ra3 20. Rhb1 b6 21. Rb3 Ra5 22. Nd4 Ke7 23. a4 Rc8 {Kasparov,G (2812)-Grischuk,A (2778) Zagreb 2021 ½-½ (41)}) ({RR} 9. Nf3 Nc5 10. Qd1 Nce4 11. e3 Bb4 12. Bd2 Bxc3 13. Bxc3 Nxc3 14. bxc3 Qa5 15. Qd4 Rc8 16. Qb4 Qc5 17. Bd3 Qxc3+ 18. Qxc3 Rxc3 19. Kd2 Ra3 20. Rhb1 b6 21. Rb3 Ra5 22. Nd4 Ke7 23. a4 Rc8 {Kasparov,G (2812)-Grischuk,A (2778) Zagreb 2021 ½-½ (41)}) 9... Nc5 10. Qd1 ({RR} 10. Qc2 Rc8 11. Nf3 Nce4 12. Bd3 Nxc3 13. bxc3 Nd5 14. Bd2 Nb4 15. Qb1 Nxd3+ 16. Qxd3 Be7 17. O-O O-O 18. Nd4 Be6 19. Rfb1 Bc4 20. Qc2 Ba6 21. a4 Qd5 22. Bc1 Bf6 23. Ba3 Rfe8 24. Rd1 Qc4 {Sharon,R (2316)-Shkapenko,P (2389) Sharjah UAE 2026 ½-½ (45)}) ({RR} 10. Qc2 Rc8 11. Nf3 Nce4 12. Bd3 Nxc3 13. bxc3 Nd5 14. Bd2 Nb4 15. Qb1 Nxd3+ 16. Qxd3 Be7 17. O-O O-O 18. Nd4 Be6 19. Rfb1 Bc4 20. Qc2 Ba6 21. a4 Qd5 22. Bc1 Bf6 23. Ba3 Rfe8 24. Rd1 Qc4 {Sharon,R (2316)-Shkapenko,P (2389) Sharjah UAE 2026 ½-½ (45)}) 10... Nce4 11. Nge2 $146 ({RR} 11. Bd3 Bb4 12. Nge2 Qa5 13. O-O Nxc3 14. bxc3 Bd6 15. h3 Rd8 16. Nd4 Qxc3 17. Nb5 Bxb5 18. Bxb5+ Ke7 19. Qb3 Ne4 20. Rb1 Qxb3 21. Rxb3 a6 22. Be2 b5 23. Rd1 Bc5 24. f3 Rxd1+ 25. Bxd1 Rd8 {Kjartansson,G (2443)-Brazdzionis,A (2356) Terme Catez 2021 1-0 (56)}) ({RR} 11. Bd3 Bb4 12. Nge2 Qa5 13. O-O Nxc3 14. bxc3 Bd6 15. h3 Rd8 16. Nd4 Qxc3 17. Nb5 Bxb5 18. Bxb5+ Ke7 19. Qb3 Ne4 20. Rb1 Qxb3 21. Rxb3 a6 22. Be2 b5 23. Rd1 Bc5 24. f3 Rxd1+ 25. Bxd1 Rd8 {Kjartansson,G (2443)-Brazdzionis,A (2356) Terme Catez 2021 1-0 (56)}) 11... Rc8 12. g3 Bb4 13. Bg2 Bb5 14. Qxd8+ Rxd8 15. a3 Bxc3+ 16. Nxc3 Nxc3 17. bxc3 Nd7 18. Rb1 Bc4 19. Bf3 Ne5 20. Be2 Bd5 21. O-O Nf3+ 22. Bxf3 Bxf3 23. e4 Rd7 24. Re1 O-O 25. Be3 Bxe4 26. Rb4 f5 27. Bxa7 Ra8 28. Bc5 Rc7 29. Bd4 Rxa3 30. Rb5 h6 31. g4 Rf7 32. h3 Ra6 33. Kh2 Rg6 34. Re5 h5 35. g5 h4 36. Ra5 Rd7 37. f3 Bxf3 38. Rxf5 Bc6 39. Re8+ Kh7 40. Ree5 Rdd6 41. Rf7 Rd5 42. Rxd5 Bxd5 43. Rf5 Rd6 44. Rf4 Kg6 45. Rxh4 Kxg5 46. Rg4+ Kf5 47. Kg3 1/2-1/2

[Event "Berlin FIDE GP 1 Pool-B"]
[Site "Berlin"]
[Date "2022.02.05"]
[Round "2"]
[White "Wojtaszek, Radoslaw"]
[Black "Oparin, Grigoriy"]
[Result "1/2-1/2"]
[WhiteElo "2686"]
[BlackElo "2681"]
[PlyCount "82"]
[EventDate "2022.02.04"]
[EventType "tourn"]
[EventRounds "6"]
[EventCountry "GER"]
[EventCategory "19"]
[SourceTitle "CBM 207"]
[Source "ChessBase"]
[SourceDate "2022.04.30"]
[SourceVersion "1"]
[SourceVersionDate "2022.04.30"]
[SourceQuality "1"]

1. c4 Nf6 2. Nc3 c5 3. g3 e6 4. Nf3 d5 5. cxd5 exd5 6. d4 Nc6 7. Bg2 cxd4 8. Nxd4 Bc5 9. Nb3 Bb6 10. Na4 O-O 11. Nxb6 axb6 12. Be3 ({RR} 12. Nd4 Re8 13. O-O Nxd4 14. Qxd4 Rxe2 15. Be3 Rc2 16. Rfc1 Rxc1+ 17. Rxc1 Bd7 18. Qxb6 Qxb6 19. Bxb6 Rxa2 20. Bd4 Bc6 21. b4 Ra4 22. Bxf6 gxf6 23. b5 Bxb5 24. Bxd5 Bc6 25. Bxc6 bxc6 26. Rxc6 Kg7 {Giri,A (2777)-Carlsen,M (2855) chess24.com INT 2021 ½-½ (31)}) ({RR} 12. Nd4 Re8 13. O-O Nxd4 14. Qxd4 Rxe2 15. Be3 Rc2 16. Rfc1 Rxc1+ 17. Rxc1 Bd7 18. Qxb6 Qxb6 19. Bxb6 Rxa2 20. Bd4 Bc6 21. b4 Ra4 22. Bxf6 gxf6 23. b5 Bxb5 24. Bxd5 Bc6 25. Bxc6 bxc6 26. Rxc6 Kg7 {Giri,A (2777)-Carlsen,M (2855) chess24.com INT 2021 ½-½ (31)}) 12... h5 13. O-O h4 14. gxh4 Bg4 $146 ({RR} 14... Qd6 15. Qd2 Ra4 16. Nd4 Re8 17. Bf4 Qb4 18. Qxb4 Rxb4 19. e3 Nxd4 20. exd4 Rxb2 21. Rfb1 Rxb1+ 22. Rxb1 Bf5 23. Ra1 Re2 24. f3 Nh5 25. Bc7 b5 26. Bf1 Rb2 27. Re1 Nf6 28. a3 b4 29. axb4 {Zhou,J (2583)-Ali Marandi,C (2532) Saint Louis 2022 ½-½ (111)}) ({RR} 14... Qd6 15. f3 Nh5 16. Bf2 Nf4 17. Bg3 Qf6 18. Bxf4 Qxf4 19. Qxd5 Qxh4 20. f4 Rd8 21. Qb5 Bh3 22. Bxh3 Qxh3 23. Rf3 Qg4+ 24. Kh1 Rxa2 25. Rg1 Qe6 26. Qg5 Qg6 27. Qh4 Qh7 28. Qg5 Qg6 29. Qh4 {Matviishen,V (2547)-Hilby,C (2414) Washington DC USA 2026 ½-½}) ({RR} 14... Qd6 15. Qd2 Ra4 16. Nd4 Re8 17. Bf4 Qb4 18. Qxb4 Rxb4 19. e3 Nxd4 20. exd4 Rxb2 21. Rfb1 Rxb1+ 22. Rxb1 Bf5 23. Ra1 Re2 24. f3 Nh5 25. Bc7 b5 26. Bf1 Rb2 27. Re1 Nf6 28. a3 b4 29. axb4 {Zhou,J (2583)-Ali Marandi,C (2532) Saint Louis 2022 ½-½ (111)}) ({RR} 14... Qd6 15. f3 Nh5 16. Bf2 Nf4 17. Bg3 Qf6 18. Bxf4 Qxf4 19. Qxd5 Qxh4 20. f4 Rd8 21. Qb5 Bh3 22. Bxh3 Qxh3 23. Rf3 Qg4+ 24. Kh1 Rxa2 25. Rg1 Qe6 26. Qg5 Qg6 27. Qh4 Qh7 28. Qg5 Qg6 29. Qh4 {Matviishen,V (2547)-Hilby,C (2414) Washington DC USA 2026 ½-½}) 15. f3 Bf5 16. Nd4 Bg6 17. Qd2 Re8 18. Rfe1 Nh5 19. Bf2 Qf6 20. Qg5 Nxd4 21. Qxf6 Nxe2+ 22. Rxe2 gxf6 23. Rxe8+ Rxe8 24. Bxb6 Re2 25. Bd4 Rc2 26. Bf1 Nf4 27. Bxf6 Bd3 28. Bxd3 Nxd3 29. Rd1 Nf4 30. Kf1 Kh7 31. Be5 Ng2 32. Rd3 Nxh4 33. Rxd5 Nxf3 34. Bc3 Kg6 35. h3 f5 36. Rd3 Ng5 37. Rd6+ Kh5 38. Rf6 Ne4 39. Rxf5+ Kg6 40. Rb5 Nxc3 41. bxc3 Rxc3 1/2-1/2